| 000 | 00509nam a2200193Ia 4500 | ||
|---|---|---|---|
| 005 | 20250326141129.0 | ||
| 008 | 250326s9999 xx 000 0 und d | ||
| 020 | _a0-89384-2755-3 | ||
| 037 | _aTextbook | ||
| 040 |
_aFMSL _beng _cFMSL |
||
| 041 |
_aeng _2eng |
||
| 084 |
_aX:8 N6 _qFMSL |
||
| 100 |
_aGuns Bob _9743772 |
||
| 245 | 0 |
_aFaster learning organization _cGuns Bob |
|
| 260 |
_aLondon _bLondon, Pfeifler _c1996 |
||
| 300 | _a138p | ||
| 942 |
_cTB _hX:8 N6 |
||
| 999 |
_c1288840 _d1288840 |
||